000 00722cam a2200265 4500
001 2090
005 20171031131101.0
010 _a9724224651
021 _aPT
_b161571/01
035 _a(bn)1066885
090 _a2090
100 _a20010917d2001 m y0pory5003 ba
101 1 _ceng
105 _ay z---000ay
106 _ar
200 1 _aTempo para amar
_fDanielle Steel
_gtrad. Filipa Aguiar
210 _a[Lisboa]
_cCírculo de Leitores,
_dimp. 2001
215 _a360, [1] p.
_d21 cm
304 _aTít. orig.: Season of Passion
600 _aDanielle Steel
601 _aCírculo de Leitores,
675 _a821.111(73)-31"19/20"
_vBN
_zpor
700 1 _aSteel,
_bDanielle,
_f1947-
702 1 _aAguiar,
_bFilipa
_4730
942 _cBK